Statistiken für Bundesliga Tabelle 15.Spieltag

Klicken Sie hier um das Quiz zu spielen!

Allgemein

  • Dieses Quiz wurde 72 mal gespielt
  • Das Durchschnittsergebnis liegt bei 12 aus 18

Antwortstatistiken

PlatzVerein% Korrekt
1.FC Bayern München
91%
2.SC Freiburg
79%
3.RB Leipzig
76%
6.Borussia Dortmund
71%
9.Werder Bremen
70%
8.Borussia Mönchengladbach
67%
4.Eintracht Frankfurt
67%
15.Hertha BSC
67%
18.Schalke 04
65%
16.VFB Stuttgart
65%
5.FC Union Berlin
64%
14.FC Augsburg
62%
17.VFL Bochum
62%
7.VFL Wolfsburg
61%
13.1. FC Köln
59%
11.TSG Hoffenheim
56%
10.FSV Mainz 05
55%
12.Bayer Leverkusen
53%

Verteilung der Resultate

Perzentil nach korrekt beantworteten Fragen

Anzahl Personen mit jedem Resultat

Ihre Resultats-Entwicklung

Sie haben dieses Quiz noch nicht gespielt